| 000 | 01378cam a22002895a 4500 | ||
|---|---|---|---|
| 001 | 16194545 | ||
| 005 | 20201128021258.0 | ||
| 008 | 100420t2011 fluadk frb 001 0 eng d | ||
| 020 | _a9781439811757 (alk. paper) | ||
| 020 | _a143981175X (alk. paper) | ||
| 040 |
_aDLC _cDLC _dYDX _dBTCTA _dUKM _dYDXCP _dCDX _dORX _dFER _dDLC _dEG-ScBUE |
||
| 082 | 0 | 0 |
_a629.2293 _222 _bHUS |
| 100 | 1 |
_aHusain, Iqbal, _d1964- _938091 |
|
| 245 | 1 | 0 |
_aElectric and hybrid vehicles : _bdesign fundamentals / _cIqbal Husain. |
| 250 | _a2nd ed. | ||
| 260 |
_aBoca Raton : _bCRC Press / Taylor & Francis Group, _cc.2011. |
||
| 300 |
_axxi, 501 p. : _bcharts, forms, tables ; _c25 cm. |
||
| 500 | _aIndex : p. 487-501. | ||
| 504 | _aIncludes bibliographical references and index. | ||
| 505 | 0 | _aIntroduction to alternative vehicles -- Vehicle mechanics -- Alternative vehicle architectures -- Battery energy storage -- Alternative energy storage -- Electric machines -- Power electronic converters -- Electric motor drives -- Control of AC machines -- Internal combustion engines -- Powertrain components and brakes -- Cooling systems -- Hybrid vehicle control strategy -- Vehicle communications. | |
| 650 | 0 |
_aElectric vehicles. _2BUEsh _93080 |
|
| 650 | 0 |
_aHybrid electric vehicles. _2BUEsh |
|
| 651 | _2BUEsh | ||
| 653 |
_bENGGEN _bENGELC _cMay2015 |
||
| 655 |
_vreading book _934232 |
||
| 942 | _2ddc | ||
| 999 |
_c19451 _d19423 |
||